Separatist Space Ships (Star Wars) - Statistics

General Stats
  • This quiz has been taken 45 times
  • The average score is 6 of 16
Answer Stats
Picture Answer % Correct
Lucrehulk
76%
Tri-Fighter
76%
Vulture Droid
72%
Malevolence
62%
Hyena Bomber
55%
Providence
45%
Munificent
41%
Recusant
34%
Bullwark Mk.1
17%
Bullwark Mk.2
17%
Captor
17%
Separatist Shuttle
17%
Rapier
14%
Separatist Gunship
14%
Separatist Supply Ship
10%
Separatist Landing Craft
7%
No matching quizzes found
Score Distribution
Percent of People with Each Score
Percentile by Number Answered
Your Score History
You have not taken this quiz